000 00931nam a2200253Ia 4500
003 OSt
005 20221005112518.0
006 a|||||r|||| 00| 0
007 ta
008 221004b |||||||| |||| 00| 0 eng d
020 _a9789350684498 (hbk)
_c175
024 _a13961
037 _b887, 08/09/2014, H.K. Prakashan
_cTextual
040 _aCRL
_cCRL
_beng
041 _2eng
_aeng
082 _aO152,1I00:g, 153Q4
100 _aਸਿੰਘ, ਗੁਰਵੀਰ
245 0 _aਭਗਤ ਕਬੀਰ ਬਾਣੀ ਸਿਧਾਂਤਕ ਅਤੇ ਵਿਚਾਰਧਾਰਕ ਅਧਿਐਨ
260 _aਚੰਡੀਗੜ
_bਲੋਕਗੀਤ ਪ੍ਰਕਾਨ ਭਾਰਤ
_c2014
300 _a96ਪੰ
_ccm.
650 _aਹਿੰਦੀ ਸਾਹਿਤ
942 _hO152,1I00:g, 153Q4
_cTEXL
_2cc
999 _c1025108
_d1025108